LEADER 01760nam 22004813 450 001 9911027076603321 005 20250914090806.0 010 $a1-394-41121-9 010 $a1-394-41120-0 010 $a1-394-41119-7 035 $a(CKB)40924066300041 035 $a(MiAaPQ)EBC32293637 035 $a(Au-PeEL)EBL32293637 035 $a(OCoLC)1535935445 035 $a(EXLCZ)9940924066300041 100 $a20250914d2025 uy 0 101 0 $aeng 135 $aur||||||||||| 181 $ctxt$2rdacontent 182 $cc$2rdamedia 183 $acr$2rdacarrier 200 10$aCognitive Activities in Architectural Design 205 $a1st ed. 210 1$aNewark :$cJohn Wiley & Sons, Incorporated,$d2025. 210 4$dİ2025. 215 $a1 online resource (300 pages) 225 1 $aISTE Invoiced Series 311 08$a1-78945-204-X 330 $aArchitectural design relies on distinct cognitive processes that have been the subject of research for several decades.However, in light of recent social and technological shifts reshaping the discipline, there is a pressing need for new insights to better understand how these changes influence the design process. 410 0$aISTE Invoiced Series 606 $aARCHITECTURE / Design, Drafting, Drawing & Presentation$2bisacsh 606 $aARCHITECTURE / Urban & Land Use Planning$2bisacsh 615 7$aARCHITECTURE / Design, Drafting, Drawing & Presentation 615 7$aARCHITECTURE / Urban & Land Use Planning 676 $a720.19 700 $aSafin$b Stephane$01848711 801 0$bMiAaPQ 801 1$bMiAaPQ 801 2$bMiAaPQ 906 $aBOOK 912 $a9911027076603321 996 $aCognitive Activities in Architectural Design$94436003 997 $aUNINA